|
|
|
|
| LEADER |
01157cam a22002297i 4500 |
| 005 |
20210117210209.0 |
| 008 |
160926s2005 -us f b 001 0 eng d |
| 020 |
|
|
|a 0674015258
|
| 040 |
|
|
|a DLC
|b gre
|c DLC
|d DLC
|d GR-PaULI
|e AACR2
|
| 082 |
0 |
0 |
|a 121
|2 23
|
| 100 |
1 |
|
|a Davidson, Donald,
|d 1917-2003
|9 25876
|e συγγραφέας
|
| 245 |
1 |
0 |
|a Truth and predication /
|c Donald Davidson.
|
| 260 |
|
|
|a Cambridge, Mass. :
|b Harvard University Press,
|c 2005.
|
| 300 |
|
|
|a x, 180 σ. ;
|c 22 εκ.
|
| 504 |
|
|
|a Περιλαμβάνει βιβλιογραφία (σ. 165-172) και ευρετήριο.
|
| 505 |
0 |
|
|a Theories of truth -- What more is there to truth? -- The content of the concept of truth -- The problem of predication -- Failed attempts -- Truth and predication -- A solution.
|
| 650 |
|
4 |
|a Αλήθεια
|9 25093
|x Φιλοσοφία
|
| 650 |
|
4 |
|a Κατηγορούμενο (Λογική)
|9 157000
|
| 942 |
|
|
|2 ddc
|c BK15
|
| 952 |
|
|
|0 0
|1 0
|2 ddc
|4 0
|6 121_000000000000000_DAV
|7 0
|9 205704
|a PHIL
|b PHIL
|d 2016-09-26
|j 127
|l 0
|o 121 DAV
|p 025000135461
|r 2016-09-26 00:00:00
|t 1
|v 2016.00
|w 2016-09-26
|y BK15
|
| 998 |
|
|
|c ΚΑΝΕΛΛΟΠΟΥΛΟΥ
|d 2016-09
|
| 999 |
|
|
|c 125058
|d 125058
|